[Event "AUTO-INT-1875"]
[Site "http://www.queenalice.com/game.php?id=860146"]
[Date "2010.11.17"]
[Round "1"]
[White "Rideu"]
[Black "OnlyJoking"]
[Result "1-0"]
[WhiteElo "1498"]
[BlackElo "1524"]

1. e4 e5 2. Nf3 Nc6 3. Bc4 Bc5 4. c3 Nf6 5. d3 d6 6. b4 Bb6 7. Nbd2 Bg4 8. Nf1
h6 9. Ng3 g6 10. h3 Bh5 11. Nxh5 Nxh5 12. O-O Qe7 13. a4 a5 14. b5 Nd8 15. d4 f6
16. Be2 exd4 17. Nxd4 1-0

[Event "AUTO-INT-1875"]
[Site "http://www.queenalice.com/game.php?id=860147"]
[Date "2010.11.17"]
[Round "1"]
[White "OnlyJoking"]
[Black "Rideu"]
[Result "0-1"]
[WhiteElo "1524"]
[BlackElo "1474"]

1. e4 d6 2. d4 Nd7 3. Bc4 c6 4. Ne2 e5 5. d5 cxd5 6. Bxd5 Ngf6 7. Nbc3 Be7 8.
O-O O-O 9. Be3 a6 10. Ng3 Re8 11. Qd2 Nb6 12. Bxb6 Qxb6 13. b3 Bd7 14. h3 Rac8
15. Na4 Qc7 16. Rfc1 b5 17. Nb2 Nxd5 18. exd5 Qc3 0-1

[Event "AUTO-INT-1875"]
[Site "http://www.queenalice.com/game.php?id=860148"]
[Date "2010.11.17"]
[Round "1"]
[White "Rideu"]
[Black "tucuman"]
[Result "1-0"]
[WhiteElo "1547"]
[BlackElo "1681"]

1. e4 e5 2. Nf3 d6 3. Bc4 h6 4. Nc3 c5 5. h3 a6 6. a4 Nc6 7. Nd5 Nf6 8. c3 Nxd5
9. Bxd5 Bd7 10. O-O g5 11. Qb3 g4 12. Bxf7+ Ke7 13. Nh4 gxh3 14. Ng6+ Kf6 15. f4
Be7 16. Nxh8 Qc8 17. fxe5+ Kg7 18. e6 Kxh8 19. exd7 Qxd7 20. Qe6 Qxe6 21. Bxe6
hxg2 22. Rf7 Rg8 23. Bf5 Rg7 24. Rxg7 Kxg7 25. Kxg2 Bf6 26. Bc8 Na5 27. d3 h5
28. Bf4 Be5 29. Bxe5+ Kg6 30. Bxd6 c4 31. Kf3 Nb3 32. Rg1+ Kh6 33. Bf5 cxd3 34.
Bf8# 1-0

[Event "AUTO-INT-1875"]
[Site "http://www.queenalice.com/game.php?id=860149"]
[Date "2010.11.17"]
[Round "1"]
[White "tucuman"]
[Black "Rideu"]
[Result "0-1"]
[WhiteElo "1705"]
[BlackElo "1519"]

1. c4 d6 2. e4 Nd7 3. d3 e5 4. Nc3 c6 5. Bd2 Be7 6. Nf3 Ngf6 7. h3 a6 8. Be2 O-O
9. Qc2 b5 10. g4 b4 11. Na4 a5 12. b3 Nb6 13. Nxb6 Qxb6 14. g5 Nh5 15. Nxe5 dxe5
16. Bxh5 g6 17. Be2 f6 18. Be3 Bc5 19. Bxc5 Qxc5 20. h4 fxg5 21. O-O-O Rxf2 22.
hxg5 Qe3+ 23. Rd2 Rxe2 24. Rd1 Bg4 25. Rf1 Rxd2 26. Qxd2 Qxd2+ 27. Kxd2 Rf8 28.
Ra1 Rf2+ 29. Ke3 Re2# 0-1

[Event "AUTO-INT-1875"]
[Site "http://www.queenalice.com/game.php?id=860150"]
[Date "2010.11.17"]
[Round "1"]
[White "Rideu"]
[Black "Koukin"]
[Result "1-0"]
[WhiteElo "1587"]
[BlackElo "1521"]

1. e4 e5 2. Nf3 d6 3. Bc4 h6 4. Nc3 Nf6 5. d4 exd4 6. Nxd4 Bg4 7. f3 Be6 8. Nxe6
fxe6 9. Bxe6 Nc6 10. f4 Qe7 11. Bd5 Nxd5 12. Qxd5 a6 13. O-O O-O-O 14. a3 g5 15.
fxg5 hxg5 16. Bxg5 Qd7 17. Bxd8 Qxd8 18. Qe6+ Kb8 19. Nd5 Rh6 20. Qf7 Rh4 21.
Qxf8 Qxf8 22. Rxf8+ Ka7 23. a4 Rxe4 24. Nxc7 Kb6 25. Na8+ Kc5 26. Rf5+ d5 27. a5
Nd4 28. Rf7 Nxc2 29. Rc7+ Kb5 30. Rxc2 d4 31. Rd1 Kxa5 32. Rcd2 Kb5 33. Rxd4 Re2
34. R1d2 Re1+ 35. Kf2 Rh1 36. h4 Kc5 37. Rd5+ Kc4 38. Nb6+ Kb3 39. h5 Kb4 40.
R2d3 Rb1 41. h6 Rh1 42. Rh3 Rc1 43. Rh4+ Kb3 44. Rd3+ Kxb2 45. Na4+ Ka2 46. Rb4
a5 47. Rb2+ Ka1 48. Ra3# 1-0

[Event "AUTO-INT-1875"]
[Site "http://www.queenalice.com/game.php?id=860151"]
[Date "2010.11.17"]
[Round "1"]
[White "Koukin"]
[Black "Rideu"]
[Result "0-1"]
[WhiteElo "1523"]
[BlackElo "1571"]

1. e4 d6 2. Bc4 Nf6 3. Qf3 Bg4 4. Qe3 Nbd7 5. b3 e5 6. h3 Be6 7. Na3 Bxc4 8.
Nxc4 b5 9. Na5 c5 10. Nf3 Qxa5 11. a3 Be7 12. O-O O-O 13. Nh4 d5 14. Qg3 Nxe4
15. Qe3 Bxh4 16. g3 Bf6 17. Bb2 Qxd2 18. Qf3 Qxc2 19. Bc1 a5 20. Be3 Qxb3 21.
Qg4 Nb6 22. Bh6 b4 23. Rae1 Nc4 24. axb4 Ncd2 25. Bxd2 Nxd2 26. bxc5 Nxf1 27.
Kxf1 Qc4+ 28. Kg1 Qxg4 29. hxg4 a4 30. Rd1 d4 31. Ra1 a3 32. Kf1 a2 33. Ke2 d3+
34. Kxd3 e4+ 35. Kxe4 Bxa1 36. Kd3 Bf6 37. Ke4 a1=Q 38. Kd5 Qd4+ 39. Kc6 Rab8
40. f3 Rfc8# 0-1

[Event "Challenge"]
[Site "http://www.queenalice.com/game.php?id=860556"]
[Date "2010.11.18"]
[Round "-"]
[White "Thomas_A_Anderson"]
[Black "Rideu"]
[Result "1-0"]
[WhiteElo "2546"]
[BlackElo "1474"]

1. d4 d6 2. c4 Nd7 3. Nf3 Ngf6 4. Nc3 e5 5. e4 c6 6. Be2 Be7 7. O-O O-O 8. Be3
Qc7 9. d5 b6 10. Nd2 Re8 11. dxc6 Qxc6 12. b4 Bb7 13. Nd5 Rac8 14. b5 1-0

[Event "Challenge"]
[Site "http://www.queenalice.com/game.php?id=860557"]
[Date "2010.11.18"]
[Round "-"]
[White "Rideu"]
[Black "Thomas_A_Anderson"]
[Result "0-1"]
[WhiteElo "1474"]
[BlackElo "2563"]

1. e4 c5 2. Nf3 Nc6 3. d4 cxd4 4. Nxd4 Nf6 5. Nc3 d6 6. Be2 e5 7. Nf3 h6 8. O-O
Be7 9. Re1 O-O 10. h3 Be6 11. Bf1 Nb8 12. Qd3 Nbd7 13. Be3 Rc8 14. Nb5 a6 15.
Nxd6 Rc6 16. Nf5 Bxf5 17. exf5 e4 0-1

[Event "Challenge"]
[Site "http://www.queenalice.com/game.php?id=893403"]
[Date "2011.1.30"]
[Round "-"]
[White "titi93"]
[Black "Rideu"]
[Result "0-1"]
[WhiteElo "1527"]
[BlackElo "1601"]

1. e4 d6 2. Bc4 e5 3. d3 Nf6 4. Nh3 h6 5. Be3 Be7 6. d4 c6 7. dxe5 dxe5 8. c3
Qc7 9. b4 O-O 10. O-O Rd8 11. Qb3 Rf8 12. Be2 Nxe4 13. Kh1 Nd7 14. f3 Nd6 15. f4
exf4 16. Bxf4 Nf6 17. Nd2 Bxh3 18. c4 Be6 19. Qg3 Qd7 20. Bxh6 g6 21. Bxf8 Rxf8
22. Qg5 Nfe4 23. Qe3 Bg5 24. Qxa7 Nxd2 25. Rfd1 N6e4 26. g3 Bh3 27. Bf3 Qd3 28.
Qg1 Qxf3+ 29. Qg2 Qxg2# 0-1

[Event "Let's Play Chess!"]
[Site "http://www.queenalice.com/game.php?id=913690"]
[Date "2011.3.17"]
[Round "-"]
[White "Rideu"]
[Black "davidg"]
[Result "0-1"]
[WhiteElo "1614"]
[BlackElo "2141"]

1. e4 c5 2. Nf3 d6 3. d3 Bg4 4. g3 Nc6 5. c3 Ne5 6. Nbd2 e6 7. h3 Nxf3+ 8. Nxf3
Bh5 9. Bg2 Be7 10. O-O Nf6 11. b4 Nd7 12. Qa4 O-O 13. Be3 a6 14. bxc5 Nxc5 15.
Bxc5 dxc5 16. d4 b5 17. Qb3 c4 18. Qc2 Rc8 19. Rfb1 Qa5 20. a4 b4 21. cxb4 Bxb4
22. Ra2 c3 23. Rb3 Rfd8 24. Qb1 Rb8 25. Rc2 Rdc8 26. Rcxc3 Rxc3 27. Rxc3 Qxa4
28. Ne5 Qe8 29. Rb3 a5 30. Nc4 Rd8 31. d5 exd5 32. exd5 Bg6 33. Qc1 Be4 34. Re3
f5 35. Bxe4 fxe4 36. Qc2 Rxd5 37. Rxe4 Qf8 38. Qb3 Qf7 39. Rf4 Qe6 40. Ne3 Rd6
41. Qxe6+ Rxe6 42. Kg2 Bd2 43. Kf3 Rf6 44. Rxf6 gxf6 45. Nc4 Bc3 46. Ke3 a4 47.
Kd3 Bb4 48. Kc2 Be1 49. g4 Bxf2 50. Nb2 a3 51. Nd3 Bg3 52. Kb3 Kg7 53. Kxa3 Kg6
54. Nc5 Bd6 55. Kb4 Kg5 56. Kc4 Bxc5 57. Kxc5 Kh4 58. Kd4 Kxh3 59. Ke3 Kxg4 60.
Kf2 f5 61. Kg2 f4 62. Kf2 f3 63. Kf1 Kg3 64. Kg1 f2+ 65. Kf1 h5 66. Ke2 Kg2 0-1

[Event "Challenge"]
[Site "http://www.queenalice.com/game.php?id=919356"]
[Date "2011.3.30"]
[Round "-"]
[White "toldowisky"]
[Black "Rideu"]
[Result "1/2-1/2"]
[WhiteElo "1650"]
[BlackElo "1708"]

1. d4 d6 2. c4 Nd7 3. e4 e5 4. Nf3 Ngf6 5. Nc3 c6 6. d5 Nc5 7. Bd3 a5 8. O-O g6
9. Bg5 Bg7 10. Bc2 h6 11. Bd2 O-O 12. Re1 Ne8 13. Na4 Nxa4 14. Bxa4 c5 15. Be3
f5 16. Bc2 f4 17. Bd2 g5 18. Bc3 g4 19. Nd2 Qh4 20. g3 fxg3 21. fxg3 Qh3 22. Rf1
Nf6 23. Qe2 Bd7 24. Qg2 Qh5 25. Rf2 Nh7 26. Rxf8+ Rxf8 27. Rf1 Ng5 28. Rxf8+
Bxf8 29. Bxa5 Be7 30. Bd1 Qf7 31. Qf1 Nh3+ 32. Kg2 Qg6 33. Qe2 h5 34. Nf1 Ng5
35. Bc2 Nf3 36. Nd2 Ng5 37. a3 Nh3 38. b4 h4 39. bxc5 dxc5 40. Qd1 Qf6 41. Qf1
Qg5 42. Nb3 hxg3 43. hxg3 Qe3 44. Bd2 Qf3+ 1/2-1/2

[Event "AUTO-ADV-2141"]
[Site "http://www.queenalice.com/game.php?id=931165"]
[Date "2011.4.27"]
[Round "1"]
[White "fafaking"]
[Black "Rideu"]
[Result "0-1"]
[WhiteElo "1654"]
[BlackElo "1706"]

1. d4 d6 2. c4 Nd7 3. Nc3 e5 4. d5 f5 5. Nf3 Ngf6 6. Bg5 Be7 7. Bxf6 Nxf6 8. Qc2
O-O 9. e4 fxe4 10. Nxe4 Nxe4 11. Qxe4 Bf5 12. Qe3 Qe8 13. Bd3 Qg6 14. O-O-O e4
15. Nh4 Bxh4 16. Be2 Bg5 17. h3 Bxe3+ 18. fxe3 Qg3 19. Kd2 Bd7 0-1

[Event "AUTO-ADV-2141"]
[Site "http://www.queenalice.com/game.php?id=931166"]
[Date "2011.4.27"]
[Round "1"]
[White "Rideu"]
[Black "fafaking"]
[Result "1-0"]
[WhiteElo "1709"]
[BlackElo "1617"]

1. e4 e5 2. Nf3 Nc6 3. Bb5 d6 4. Nc3 Bg4 5. h3 Bh5 6. O-O Qf6 7. d3 Bxf3 8. Qxf3
Qxf3 9. gxf3 Kd7 10. f4 Ne7 11. fxe5 dxe5 12. f4 a6 13. Ba4 b5 14. Bb3 f6 15.
fxe5 Nxe5 16. a3 N7c6 17. Bd5 Bc5+ 18. Kg2 Raf8 19. Ne2 Ne7 20. d4 Bxd4 21. Nxd4
c6 22. Ba2 Rd8 23. Be3 Kc7 24. Rad1 Kb7 25. Ne6 Rxd1 26. Rxd1 Kc8 27. Nc5 Rf8
28. Bf4 N5g6 29. Be6# 1-0

[Event "AUTO-ADV-2141"]
[Site "http://www.queenalice.com/game.php?id=931179"]
[Date "2011.4.27"]
[Round "1"]
[White "Rideu"]
[Black "jssouza100"]
[Result "0-1"]
[WhiteElo "1720"]
[BlackElo "1836"]

1. e4 c5 2. Nf3 d6 3. d4 cxd4 4. Nxd4 Nf6 5. Nc3 g6 6. Be2 Bg7 7. Be3 O-O 8. f4
Nc6 9. g4 e5 10. Nb3 exf4 11. Bxf4 Re8 12. Bf3 Ne5 13. Bxe5 Rxe5 14. Qd3 Bxg4
15. O-O-O Bh6+ 16. Kb1 Bxf3 17. Qxf3 a5 18. Rhf1 Bg7 19. h4 h5 20. Nd5 Nxd5 21.
Qxf7+ Kh7 22. exd5 Qxh4 23. Qxb7 Rae8 24. Qa6 a4 25. Nc1 Re3 26. Qxd6 a3 27. Rg1
g5 28. Rh1 Rh3 29. Rxh3 Qxh3 30. Qxa3 Qxa3 31. bxa3 Rb8+ 32. Nb3 g4 33. d6 g3
34. c4 h4 35. d7 Bf6 36. Kc1 g2 37. c5 Rb7 38. c6 Rc7 39. Na5 h3 0-1

[Event "AUTO-ADV-2141"]
[Site "http://www.queenalice.com/game.php?id=931180"]
[Date "2011.4.27"]
[Round "1"]
[White "jssouza100"]
[Black "Rideu"]
[Result "1-0"]
[WhiteElo "1863"]
[BlackElo "1721"]

1. e4 d6 2. d4 Nd7 3. Nc3 e5 4. d5 Ngf6 5. Nf3 g6 6. g3 Bg7 7. Bg2 O-O 8. O-O
Ne8 9. Bg5 f6 10. Be3 f5 11. exf5 Rxf5 12. Bh3 Rf8 13. Bg5 Ndf6 14. Bxc8 Rxc8
15. Bxf6 Qxf6 16. Kg2 c6 17. dxc6 Rxc6 18. Ne4 Qf5 19. Nfg5 Nf6 20. Qe2 h6 21.
Nxf6+ Rxf6 22. Ne4 Rf8 23. a4 d5 24. Nc3 e4 25. Rad1 Bxc3 26. bxc3 Rxc3 27. Rd4
e3 28. Rf4 Qxc2 29. Rxf8+ Kxf8 30. Re1 Qxe2 31. Rxe2 exf2 32. Rxf2+ Ke7 33. Rd2
Kd6 34. h4 Ke5 35. Re2+ Kd4 36. Re6 Rc6 37. Re7 Rb6 38. a5 Rb2+ 39. Kh3 Kc3 40.
Re6 d4 41. Rxg6 h5 42. Rg5 d3 43. Rc5+ Kd4 44. Rc1 d2 45. Rd1 Ke3 46. g4 hxg4+
47. Kxg4 Ke2 48. Rh1 Rb4+ 49. Kg3 d1=Q 50. Rxd1 Kxd1 51. h5 1-0

[Event "AUTO-ADV-2141"]
[Site "http://www.queenalice.com/game.php?id=931182"]
[Date "2011.4.27"]
[Round "1"]
[White "Aguinaldo"]
[Black "Rideu"]
[Result "0-1"]
[WhiteElo "1869"]
[BlackElo "1685"]

1. e4 d6 2. d4 Nd7 3. Nf3 e5 4. dxe5 dxe5 5. Bb5 c6 6. Be2 Ngf6 7. Nc3 Bb4 8.
Ng5 h6 9. Nxf7 Kxf7 10. Bc4+ Ke7 11. O-O Bxc3 12. bxc3 Nxe4 13. Qd3 Ndf6 14.
Qxd8+ Rxd8 15. Re1 Be6 16. Ba3+ Kf7 17. Bxe6+ Kxe6 18. Bb2 Rd2 19. Rac1 Rxf2 20.
c4 Rd8 21. Rf1 Re2 22. Rfd1 Rxd1+ 23. Rxd1 Rxc2 0-1